El reformismo misional en Nuevo México, 1760-1768 : ilusiones secularizadoras del obispo Tamarón /

Збережено в:
Бібліографічні деталі
Автор: Gómez Canedo, Lino (autor)
Інші автори: Pérez Vizcaíno, Carlos (prólogo) (prólogo)
Формат: Книга
Мова:Іспанська
Опубліковано: Guadalajara, México : Universidad Autónoma de Guadalajara, Dirección de Bibliotecas, 1981, c1981
Предмети:
Теги: Додати тег
Немає тегів, Будьте першим, хто поставить тег для цього запису!

MARC

LEADER 00000nam^a2200000^a^4500
001 000097621
005 20250521000000.0
009 20260310093026.671
020 |a 968-595-004-0 
037 |a Acervo ITESO - Biblioteca 
041 |a ESP 
082 |a 972. 03  |b GOM 
100 |a Gómez Canedo, Lino  |e (autor) 
245 1 3 |a El reformismo misional en Nuevo México, 1760-1768 :  |b ilusiones secularizadoras del obispo Tamarón /  |c L. Gómez Canedo ; pról. de C. Pérez Vizcaíno. 
264 4 |a Guadalajara, México :  |b Universidad Autónoma de Guadalajara, Dirección de Bibliotecas,  |c 1981, c1981 
300 |a 60 p. 
336 |a texto  |b txt  |2 rdacontenido 
337 |a sin mediación  |b n  |2 rdamedio 
338 |a volumen  |b nc  |2 rdasoporte 
649 |a XX 
650 |a Obispos de Durango 
650 |a Obispos de México 
650 |a Ministros Religiosos Españoles 
650 |a Religiosos Españoles 
650 |a Franciscanos en México -  |x Historia -  |y Epoca Colonial, 1517-1821 
650 |a Franciscanos en Nuevo México, EUA -  |x Historia -  |y Epoca Colonial, 1607-1783 
650 |a Franciscanos en EUA -  |x Historia -  |y Epoca Colonial, 1607-1783 
650 |a Monasticismo y Ordenes Religiosas -  |z México -  |x Historia -  |y Epoca Colonial, 1517-1821 
650 |a Monasticismo y Ordenes Religiosas -  |z Nuevo México, EUA -  |x Historia -  |y Epoca Colonial, 1607-1783 
650 |a Monasticismo y Ordenes Religiosas -  |z EUA -  |x Historia -  |y Epoca Colonial, 1607-1783 
650 |a Misiones -  |z México -  |x Historia -  |y Epoca Colonial, 1517-1821 
650 |a Misiones -  |z Nuevo México, EUA -  |x Historia -  |y Epoca Colonial, 1607-1783 
650 |a Misiones -  |z EUA -  |x Historia -  |y Epoca Colonial, 1607-1783 
650 |a Iglesia Católica en México -  |x Historia -  |y Epoca Colonial, 1517-1821 
650 |a Iglesia Católica en Nuevo México, EUA -  |x Historia -  |y Epoca Colonial, 1607-1783 
650 |a Iglesia Católica en EUA -  |x Historia -  |y Epoca Colonial, 1607-1783 
650 |a Iglesia y Estado -  |z México -  |x Historia -  |y Epoca Colonial, 1517-1821 
650 |a Iglesia y Estado -  |z Nuevo México, EUA -  |x Historia -  |y Epoca Colonial, 1607-1783 
650 |a Iglesia y Estado -  |z EUA -  |x Historia -  |y Epoca Colonial, 1607-1783 
650 |a Política y Religión -  |z México -  |x Historia -  |y Epoca Colonial, 1517-1821 
650 |a Política y Religión -  |z Nuevo México, EUA -  |x Historia -  |y Epoca Colonial, 1607-1783 
650 |a Política y Religión -  |z EUA -  |x Historia -  |y Epoca Colonial, 1607-1783 
650 |a Catolicismo 
650 |a Cristianismo 
650 |a Religión 
650 |a Secularización 
650 |a México -  |x Historia -  |y Siglo XVIII 
650 |a México -  |x Historia -  |y Virreinato, 1535-1821 
650 |a México -  |x Historia -  |y Epoca Colonial, 1517-1821 
650 |a México -  |x Historia -  |x Documentos 
650 |a Nuevo México, EUA -  |x Historia -  |y Siglo XVIII 
650 |a Nuevo México, EUA -  |x Historia -  |y Epoca Colonial, 1607-1783 
650 |a Nuevo México, EUA -  |x Historia -  |x Documentos 
650 |a EUA -  |x Historia -  |y Siglo XVIII 
650 |a EUA -  |x Historia -  |y Epoca Colonial, 1607-1783 
650 |a EUA -  |x Historia -  |x Documentos 
650 |a Tamarón Romeral, Pedro 
700 |a Pérez Vizcaíno, Carlos  |e (prólogo) 
910 |a Fondo Jesús Rodríguez 
920 |a Impresos - Libros 
930 |a Fondos Especiales 
905 |a 113 
901 |a 0500032937  |b IT2  |c ESP  |u 20250521 
902 |a https://opac.biblio.iteso.mx/vufind/Record/000097621